| 000 | 00962nam a2200301 i 4500 | ||
|---|---|---|---|
| 999 |
_c200439659 _d57871 |
||
| 003 | TR-AnTOB | ||
| 005 | 20230306152500.0 | ||
| 007 | ta | ||
| 008 | 210222s1988 tu g 00| 0 tur d | ||
| 040 |
_aTR-AnTOB _beng _erda _cTR-AnTOB |
||
| 041 | 0 | _atur | |
| 050 | 1 | 4 |
_aHG3964 _b.E7736 1988 |
| 090 |
_aHG3964 _b.E7736 1988 |
||
| 100 | 1 |
_aErsan, İhsan _eauthor _9129369 |
|
| 245 | 1 | 0 |
_aBankalarda döviz yönetimi / _cDoç. Dr. İhsan Ersan. |
| 264 | 1 |
_aAnkara : _bTürkiye Bankalar Birliği, _c1988. |
|
| 300 |
_a50 pages ; _c25 cm |
||
| 336 |
_2rdacontent _atext _btxt |
||
| 337 |
_2rdamedia _aunmediated _bn |
||
| 338 |
_2rdacarrier _avolume _bnc |
||
| 490 | 0 |
_aTürkiye Bankalar Birliği Yayınları ; _vno: 150. _aKonferans Serisi ; _vno. 48 |
|
| 504 | _aBIB | ||
| 650 | 7 |
_aKambiyo yönetimi _zTürkiye _2etuturkob _9108320 |
|
| 710 | 2 |
_aTürkiye Bankalar Birliği _934056 |
|
| 942 |
_2lcc _cBK |
||